Concerto II Mi maggiore
| Main Author: | Bach, Johann Sebastian, 1685-1750 |
|---|---|
| Other Authors: | Feld, Jindřich, 1883-1953 |
| Language: | No linguistic content |
| Published: |
Praha : Státní nakladatelství krásné literatury, hudby a umění, 1953 |
| Edition: | 1. vyd. |
| Physical Description: |
19, 7 s. |
| LEADER | 00956ncm a22002412a 4500 | ||
|---|---|---|---|
| 001 | 001202416 | ||
| 003 | CZ BrMZK | ||
| 005 | 20181119113044.0 | ||
| 007 | qu | ||
| 008 | 120326s1953 xr |||||||||||||||||zxx d | ||
| 040 | |a BOA001 |b cze | ||
| 072 | 7 | |a 787 |x Hudba pro strunné a smyčcové nástroje |2 Konspekt |9 9 | |
| 100 | 1 | |a Bach, Johann Sebastian, |d 1685-1750 |7 jn19990000367 |4 cmp | |
| 245 | 1 | 0 | |a Concerto II Mi maggiore |h [hudebnina] / |c Johann Sebastian Bach ; violino e piano (J. Feld) |
| 250 | |a 1. vyd. | ||
| 260 | |a Praha : |b Státní nakladatelství krásné literatury, hudby a umění, |c 1953 | ||
| 300 | |a 19, 7 s. | ||
| 700 | 1 | |a Feld, Jindřich, |d 1883-1953 |7 ola2001100310 |4 arr | |
| 910 | |a BOA001 |b Mus4-0304.295 | ||
| 990 | |a MU | ||
| 991 | |b 201203 | ||
| 996 | 6 | |b 2619564687 |c Mus4-0304.295 |l MZK |r Sklad / do 1 hodiny |n 0 |w 001235960 |u 000020 |a 1 |e BOA001 |j MZK50 |s P | |
| 996 | 7 | |b 2619564688 |c Mus4-0304.295 |l MZK |r Sklad / do 1 hodiny |n 0 |w 001235960 |u 000010 |a 1 |e BOA001 |j MZK50 |s A | |
English
Čeština 